Polymer-coated latex examination gloves from Malaysia (Record no. 65276)

MARC details
000 -LEADER
fixed length control field 00562nam a2200181Ia 4500
100 ## - MAIN ENTRY--AUTHOR NAME
Personal name Fah Lai Pin
245 #0 - TITLE STATEMENT
Title Polymer-coated latex examination gloves from Malaysia
260 ## - PUBLICATION, DISTRIBUTION, ETC. (IMPRINT)
Name of publisher 6th Annual International Latex Conference, Hilton Akron/Fairlawn, July 29-30, 2003
650 ## - SUBJECT ADDED ENTRY--TOPICAL TERM
Topical Term Atomic force microscopy
650 ## - SUBJECT ADDED ENTRY--TOPICAL TERM
Topical Term Scanning Electron Microscopy
700 ## - ADDED ENTRY--PERSONAL NAME
Personal name Hwee Eng Aik
700 ## - ADDED ENTRY--PERSONAL NAME
Personal name Kawahara Seiichi
700 ## - ADDED ENTRY--PERSONAL NAME
Personal name Long Ong Eng
700 ## - ADDED ENTRY--PERSONAL NAME
Personal name Mustafa Asrul
856 ## - ELECTRONIC LOCATION AND ACCESS
Uniform Resource Identifier Copy of article
942 ## - ADDED ENTRY ELEMENTS (KOHA)
Koha item type Journals
Holdings
Withdrawn status Lost status Damaged status Not for loan Home library Current library Shelving location Date acquired Koha item type
      Journals RRII Library RRII Library Rubber chemistry 17/12/2021 Journals